[Event "Medellin de La Raza U2000 op"]
[Site "Medellin"]
[Date "2023.10.13"]
[Round "3"]
[White "Hernandez Trujillo, Juan Pablo"]
[Black "Reyes Aristizabal, Andres"]
[Result "0-1"]
[WhiteElo "1007"]
[BlackElo "1587"]
[PlyCount "58"]
[EventDate "2023.10.12"]
[EventType "swiss"]
[EventRounds "9"]
[EventCountry "COL"]
[SourceTitle "Mega2024 Update 01"]
[Source "Chessbase"]
[SourceDate "2023.11.12"]
[SourceVersion "1"]
[SourceVersionDate "2023.11.12"]
[SourceQuality "1"]

1. e4 c5 2. Nf3 Nc6 3. Bb5 g6 4. d4 cxd4 5. Nxd4 Bg7 6. c3 Nf6 7. Nxc6 bxc6 8. Bd3 0-0 9. 0-0 Qb6 10. Qe2 d6 11. Be3 Qc7 12. h3 Nd7 13. f4 e5 14. f5 gxf5 15. Qh5 Nf6 16. Qg5 f4 17. Bxf4 exf4 18. Rxf4 Qe7 19. Rh4 Qe5 20. Qe3 Bf5 21. Nd2 Bg6 22. Rf1 Qc5 23. Qxc5 dxc5 24. Nc4 Nd7 25. Nd6 Ne5 26. Be2 Rad8 27. Nf5 Rd2 28. Bg4 Bf6 29. Rh6 Bg5 0-1

[Event "Fomeque op"]
[Site "Fomeque"]
[Date "2023.08.20"]
[Round "3"]
[White "Reyes Aristizabal, Andres"]
[Black "Pena Romero, Edwin Oswaldo"]
[Result "0-1"]
[WhiteElo "1588"]
[BlackElo "1745"]
[PlyCount "50"]
[EventDate "2023.08.19"]
[EventType "swiss"]
[EventRounds "6"]
[EventCountry "COL"]
[SourceTitle "EXT 2024"]
[Source "ChessBase"]
[SourceDate "2023.10.10"]
[SourceVersion "1"]
[SourceVersionDate "2023.10.10"]
[SourceQuality "1"]

1. d4 d5 2. Nf3 Nf6 3. e3 Bf5 4. c3 c6 5. Be2 e6 6. 0-0 h6 7. Nfd2 Bd6 8. b3 Qc7 9. Nf3 Nbd7 10. Re1 Ng4 11. g3 Ngf6 12. c4 0-0 13. c5 Be7 14. Nbd2 e5 15. Nh4 Bh3 16. Bf1 Be6 17. f4 exf4 18. exf4 Bg4 19. Qc2 Rae8 20. Ndf3 Ne4 21. Ne5 Nxe5 22. fxe5 Bxh4 23. gxh4 Qe7 24. Bg2 Qxh4 25. Bxe4 Qxe1+ 0-1

[Event "Medellin Easter op 11th"]
[Site "Medellin"]
[Date "2023.04.06"]
[Round "2"]
[White "Reyes Aristizabal, Andres"]
[Black "Martinez, Mauricio"]
[Result "0-1"]
[WhiteElo "1551"]
[BlackElo "1886"]
[PlyCount "116"]
[EventDate "2023.04.05"]
[EventType "swiss"]
[EventRounds "7"]
[EventCountry "COL"]
[SourceTitle "CBM 213 Extra"]
[Source "ChessBase"]
[SourceDate "2023.05.31"]
[SourceVersion "1"]
[SourceVersionDate "2023.05.31"]
[SourceQuality "1"]

1. e4 e5 2. f4 exf4 3. Nf3 d5 4. e5 g5 5. h4 g4 6. Ng5 h6 7. Nxf7 Kxf7 8. d4 h5 9. Bxf4 Bh6 10. Qd2 Bf5 11. g3 Ke6 12. Bg2 c6 13. 0-0 Qf8 14. Nc3 Ne7 15. Nd1 Bxf4 16. Qxf4 Qh6 17. Qf2 Na6 18. Ne3 Raf8 19. Qe2 Kd7 20. c4 Be6 21. cxd5 Nxd5 22. Nxd5 Bxd5 23. Bxd5 cxd5 24. Rfc1 Nc7 25. Rc2 Qb6 26. Rc5 Rh6 27. Rac1 Rc6 28. e6+ Nxe6 29. Rxd5+ Rd6 30. Rxd6+ Kxd6 31. Qe5+ Ke7 32. Re1 Kd7 33. Kh1 Qd6 34. d5 Qxe5 35. Rxe5 Ng7 36. Rg5 Rf7 37. Kg2 Ke7 38. d6+ Kd7 39. Rd5 Rf5 40. Rd2 Ne8 41. b4 Nxd6 42. Re2 Kc6 43. Re7 Rd5 44. Rg7 a5 45. bxa5 Rxa5 46. Rg6 Rf5 47. Rg7 Re5 48. a4 b6 49. Rh7 Ne4 50. Ra7 Nc5 51. Ra8 Re2+ 52. Kf1 Ra2 53. Rh8 Kd5 54. Rxh5+ Ke4 55. Rg5 Kf3 56. Rf5+ Kxg3 57. h5 Rxa4 58. h6 Ra7 0-1

[Event "Bucaramanga Meneses Memorial"]
[Site "Bucaramanga"]
[Date "2022.07.20"]
[Round "1"]
[White "Reyes Aristizabal, Andres"]
[Black "Sepulveda, Lyda Marcela"]
[Result "1-0"]
[WhiteElo "1530"]
[BlackElo "1306"]
[PlyCount "47"]
[EventDate "2022.07.20"]
[EventType "swiss"]
[EventRounds "8"]
[EventCountry "COL"]
[SourceTitle "EXT 2024"]
[Source "ChessBase"]
[SourceDate "2023.10.10"]
[SourceVersion "1"]
[SourceVersionDate "2023.10.10"]
[SourceQuality "1"]

1. d4 d5 2. e3 Nf6 3. Bd3 e6 4. Nd2 c5 5. c3 Nbd7 6. f4 c4 7. Bc2 Bd6 8. Ngf3 b5 9. 0-0 Bb7 10. Ne5 0-0 11. Qf3 a5 12. g4 Ne4 13. Nxe4 dxe4 14. Bxe4 Bxe4 15. Qxe4 Nxe5 16. fxe5 Bc7 17. Rf2 Qd5 18. Qxd5 exd5 19. g5 Ra6 20. Bd2 Rg6 21. h4 f5 22. Raf1 Bd8 23. e4 dxe4 24. h5 1-0

[Event "Bogota El Tablazo op-B"]
[Site "Bogota"]
[Date "2022.06.27"]
[Round "6.33"]
[White "Reyes Aristizabal, Andres"]
[Black "Velasquez Guevara, Nilson Fernando"]
[Result "1-0"]
[WhiteElo "1551"]
[BlackElo "1587"]
[PlyCount "77"]
[EventDate "2022.06.24"]
[EventType "swiss"]
[EventRounds "7"]
[EventCountry "COL"]
[SourceTitle "EXT 2024"]
[Source "ChessBase"]
[SourceDate "2023.10.10"]
[SourceVersion "1"]
[SourceVersionDate "2023.10.10"]
[SourceQuality "1"]

1. e4 c6 2. d4 d5 3. e5 Bf5 4. f4 e6 5. Nf3 c5 6. c3 Nc6 7. Bb5 Qb6 8. Qa4 a6 9. Bxc6+ Qxc6 10. Qxc6+ bxc6 11. Be3 c4 12. Nbd2 Be7 13. Kf2 Nh6 14. h3 Bd3 15. b4 0-0 16. Ne1 Nf5 17. Nxd3 cxd3 18. g3 f6 19. Nf3 a5 20. a3 Ra6 21. Rhb1 Rb8 22. Bd2 Rab6 23. Re1 Kf7 24. g4 Nh6 25. Ke3 f5 26. g5 Ng8 27. Kxd3 g6 28. Reb1 Bf8 29. Kc2 a4 30. Kd3 c5 31. dxc5 Bxc5 32. Rc1 Bf8 33. c4 dxc4+ 34. Rxc4 Ne7 35. Rc7 Kg8 36. Rac1 Rd8+ 37. Ke2 Rbb8 38. Ra7 Nd5 39. Rxa4 1-0

[Event "Bogota El Tablazo op-B"]
[Site "Bogota"]
[Date "2022.06.26"]
[Round "5.30"]
[White "Bareno Martinez, Raul Antonio"]
[Black "Reyes Aristizabal, Andres"]
[Result "1-0"]
[WhiteElo "1603"]
[BlackElo "1551"]
[PlyCount "79"]
[EventDate "2022.06.24"]
[EventType "swiss"]
[EventRounds "7"]
[EventCountry "COL"]
[SourceTitle "EXT 2024"]
[Source "ChessBase"]
[SourceDate "2023.10.10"]
[SourceVersion "1"]
[SourceVersionDate "2023.10.10"]
[SourceQuality "1"]

1. e4 c5 2. d4 cxd4 3. c3 d3 4. Bxd3 Nc6 5. Nf3 g6 6. 0-0 Bg7 7. Be3 Nf6 8. h3 d6 9. Nbd2 a6 10. b4 b5 11. a4 Bb7 12. axb5 axb5 13. Rxa8 Qxa8 14. Qa1 0-0 15. Qxa8 Rxa8 16. Bxb5 Nd7 17. Bxc6 Bxc6 18. c4 Bb7 19. Rc1 Ra1 20. Rxa1 Bxa1 21. Bd4 Bxd4 22. Nxd4 Kf8 23. f3 Ke8 24. N2b3 Ne5 25. Na5 Ba8 26. Kf1 Nd3 27. b5 Kd7 28. Ke2 Nf4+ 29. Kf2 Nd3+ 30. Ke3 Nc5 31. Kd2 Kc7 32. Kc3 Na4+ 33. Kb3 Nc5+ 34. Kc3 Na4+ 35. Kc2 Kb6 36. Nab3 Kc7 37. Nd2 e6 38. N2b3 Nb6 39. Kd3 Nd7 40. Na5 1-0

[Event "COL-ch U1700"]
[Site "Pereira"]
[Date "2022.02.18"]
[Round "5"]
[White "Reyes Aristizabal, Andres"]
[Black "Cruz Duque, Esteban"]
[Result "1-0"]
[WhiteElo "1566"]
[BlackElo "1321"]
[PlyCount "43"]
[EventDate "2022.02.16"]
[EventType "swiss"]
[EventRounds "9"]
[EventCountry "COL"]
[SourceTitle "CBM 207 Extra"]
[Source "ChessBase"]
[SourceDate "2022.05.31"]
[SourceVersion "1"]
[SourceVersionDate "2022.05.31"]
[SourceQuality "1"]

1. e4 c5 2. d4 cxd4 3. c3 dxc3 4. Nxc3 Nc6 5. Nf3 e6 6. Bc4 Bb4 7. 0-0 Nge7 8. Bf4 0-0 9. Nb5 a6 10. Nd6 b5 11. Bb3 Na5 12. Bc2 Nb7 13. e5 Nd5 14. Bxh7+ Kh8 15. Ng5 Nxd6 16. Qh5 Nxf4 17. Qh4 Qxg5 18. Qxg5 Ne2+ 19. Kh1 Kxh7 20. Qh4+ Kg8 21. Qxb4 Nf5 22. Qe4 1-0

[Event "COL-ch U1700"]
[Site "Pereira"]
[Date "2022.02.17"]
[Round "3"]
[White "Reyes Aristizabal, Andres"]
[Black "Herrera Nopan, Fabian"]
[Result "0-1"]
[WhiteElo "1566"]
[BlackElo "1663"]
[PlyCount "88"]
[EventDate "2022.02.16"]
[EventType "swiss"]
[EventRounds "9"]
[EventCountry "COL"]
[SourceTitle "CBM 207 Extra"]
[Source "ChessBase"]
[SourceDate "2022.05.31"]
[SourceVersion "1"]
[SourceVersionDate "2022.05.31"]
[SourceQuality "1"]

1. e4 e5 2. f4 exf4 3. Nf3 g5 4. h4 g4 5. Ne5 h5 6. Bc4 Nh6 7. d4 d6 8. Nxf7 Nxf7 9. Bxf4 Qe7 10. Nc3 c6 11. Bxf7+ Qxf7 12. 0-0 Qg6 13. d5 Be7 14. g3 0-0 15. Qd2 Nd7 16. Rae1 Ne5 17. Bxe5 dxe5 18. Rxf8+ Bxf8 19. dxc6 bxc6 20. Qd8 Qd6 21. Qg5+ Bg7 22. Rf1 Ba6 23. Rf2 Qh6 24. Qxh6 Bxh6 25. Rf6 Be3+ 26. Kg2 Rf8 27. Rxf8+ Kxf8 28. Nd1 Bd2 29. Kf2 Ke7 30. b3 Kd6 31. c4 Kc5 32. Ke2 Bc1 33. Kd3 Bc8 34. Kc2 Bh6 35. Kc3 a5 36. Nb2 Be3 37. Na4+ Kd6 38. Kd3 Bf2 39. c5+ Bxc5 40. Nxc5 Kxc5 41. a3 Ba6+ 42. Kc3 Be2 43. Kd2 Bf3 44. Ke3 Bd1 0-1

[Event "COL-ch Amateur U1700"]
[Site "Paipa"]
[Date "2020.03.01"]
[Round "9"]
[White "Reyes Aristizabal, Andres"]
[Black "Caicedo Gomez, Javier Dario"]
[Result "1-0"]
[WhiteElo "1577"]
[BlackElo "1078"]
[PlyCount "47"]
[EventDate "2020.02.26"]
[EventType "swiss"]
[EventRounds "9"]
[EventCountry "COL"]
[SourceTitle "EXT 2021"]
[Source "ChessBase"]
[SourceDate "2020.10.23"]
[SourceVersion "1"]
[SourceVersionDate "2020.10.23"]
[SourceQuality "1"]

1. d4 d5 2. e3 Nf6 3. f4 e6 4. Bd3 c5 5. c3 Nc6 6. Nf3 Be7 7. Nbd2 b6 8. 0-0 Bb7 9. Ne5 Nxe5 10. fxe5 Ne4 11. Qf3 f6 12. Nxe4 dxe4 13. Bxe4 Bxe4 14. Qxe4 Qd5 15. Qxd5 exd5 16. exf6 Bxf6 17. Bd2 0-0-0 18. a4 a5 19. Rab1 Rde8 20. Rf5 cxd4 21. cxd4 Rd8 22. b4 Rhf8 23. bxa5 bxa5 24. Bxa5 1-0

[Event "COL-ch Amateur U1700"]
[Site "Paipa"]
[Date "2020.02.28"]
[Round "5"]
[White "Rodriguez Parada, Sebastian"]
[Black "Reyes Aristizabal, Andres"]
[Result "1-0"]
[WhiteElo "1781"]
[BlackElo "1577"]
[PlyCount "86"]
[EventDate "2020.02.26"]
[EventType "swiss"]
[EventRounds "9"]
[EventCountry "COL"]
[SourceTitle "EXT 2021"]
[Source "ChessBase"]
[SourceDate "2020.10.23"]
[SourceVersion "1"]
[SourceVersionDate "2020.10.23"]
[SourceQuality "1"]

1. e4 c5 2. d4 g6 3. Bc4 Bg7 4. Nf3 cxd4 5. 0-0 Nc6 6. c3 e5 7. cxd4 Nxd4 8. Nxd4 exd4 9. Qb3 Qe7 10. Bd5 Nf6 11. Bg5 0-0 12. Nd2 Qc5 13. Rac1 Qb6 14. Bxf6 Qxf6 15. Rc2 d6 16. Rfc1 Be6 17. Nf3 Bxd5 18. Qxd5 b6 19. Rc4 Qe6 20. Nxd4 Qxd5 21. exd5 Bxd4 22. Rxd4 Rfc8 23. Rdc4 Rc5 24. Rxc5 bxc5 25. Re1 Rb8 26. b3 Rb4 27. Rd1 Kg7 28. Kf1 g5 29. Rd3 Rd4 30. Rxd4 cxd4 31. Ke2 Kf6 32. Kd3 Ke5 33. Kc4 Ke4 34. a3 d3 35. Kc3 d2 36. Kxd2 Kd4 37. b4 Kxd5 38. Kd3 h6 39. g4 Ke5 40. a4 Kd5 41. b5 Kc5 42. Kc3 d5 43. Kd3 Kd6 1-0

[Event "COL-ch U1700"]
[Site "Pereira"]
[Date "2019.03.23"]
[Round "4"]
[White "Reyes Aristizabal, Andres"]
[Black "Almanza Avila, Nataly"]
[Result "1-0"]
[WhiteElo "1634"]
[BlackElo "1365"]
[PlyCount "41"]
[EventDate "2019.03.21"]
[EventType "swiss"]
[EventRounds "9"]
[EventCountry "COL"]
[SourceTitle "CBM 189 Extra"]
[Source "ChessBase"]
[SourceDate "2019.06.03"]
[SourceVersion "1"]
[SourceVersionDate "2019.06.03"]
[SourceQuality "1"]

1. d4 Nf6 2. e3 d6 3. Bc4 g6 4. Nf3 Bg7 5. b3 0-0 6. 0-0 c5 7. c3 d5 8. Be2 b6 9. Ne5 Bb7 10. Nd2 Nfd7 11. f4 f6 12. Nef3 Re8 13. a4 e5 14. fxe5 fxe5 15. h3 exd4 16. exd4 Qe7 17. Bb5 Qe3+ 18. Kh1 Qxc3 19. Ba3 Qa5 20. Rc1 a6 21. b4 1-0

[Event "COL-ch U1700"]
[Site "Pereira"]
[Date "2019.03.22"]
[Round "3"]
[White "Pineda Tamayo, Fernando A"]
[Black "Reyes Aristizabal, Andres"]
[Result "1-0"]
[WhiteElo "1600"]
[BlackElo "1634"]
[PlyCount "124"]
[EventDate "2019.03.21"]
[EventType "swiss"]
[EventRounds "9"]
[EventCountry "COL"]
[SourceTitle "CBM 189 Extra"]
[Source "ChessBase"]
[SourceDate "2019.06.03"]
[SourceVersion "1"]
[SourceVersionDate "2019.06.03"]
[SourceQuality "1"]

1. e4 d6 2. d4 Nf6 3. Nc3 g6 4. Bg5 c6 5. Qd2 Nbd7 6. 0-0-0 Qc7 7. f4 h6 8. Bh4 b5 9. e5 b4 10. exf6 bxc3 11. Qxc3 e6 12. d5 Nc5 13. dxc6 d5 14. Nh3 a5 15. Bb5 Rb8 16. a4 Ba6 17. Bxa6 Nxa6 18. Bg3 Bb4 19. Qe3 Qxc6 20. c3 Rc8 21. Be1 Bc5 22. Qd3 Bd6 23. Bf2 Nb4 24. Qb5 Rb8 25. Qxc6+ Nxc6 26. Kc2 0-0 27. g3 Rfc8 28. b3 Bc7 29. Be3 Kh7 30. Nf2 h5 31. Nh3 Bd8 32. Ng5+ Kg8 33. Nf3 Bxf6 34. Nd4 Nb4+ 35. Kb2 Na6 36. Nb5 Nc5 37. Bd4 Bxd4 38. Rxd4 Ne4 39. c4 Nf6 40. Rc1 Rc5 41. cxd5 Rxd5 42. Rxd5 Nxd5 43. Rc5 Ra8 44. Na3 Kg7 45. Nc4 h4 46. Rxa5 hxg3 47. hxg3 Rh8 48. Ra7 Rh2+ 49. Ka3 Rg2 50. Ne5 Rxg3 51. Rxf7+ Kh6 52. Rf8 Rg1 53. Rh8+ Kg7 54. Rh4 Ra1+ 55. Kb2 Rf1 56. a5 Nxf4 57. a6 Nd5 58. a7 Rf2+ 59. Ka3 Rf1 60. Ra4 Ra1+ 61. Kb2 Rxa4 62. bxa4 g5 1-0

[Event "COL-ch U1700"]
[Site "Pereira"]
[Date "2019.03.22"]
[Round "2"]
[White "Reyes Aristizabal, Andres"]
[Black "Pena Mora, Carlos"]
[Result "1-0"]
[WhiteElo "1634"]
[BlackElo "1509"]
[PlyCount "67"]
[EventDate "2019.03.21"]
[EventType "swiss"]
[EventRounds "9"]
[EventCountry "COL"]
[SourceTitle "CBM 189 Extra"]
[Source "ChessBase"]
[SourceDate "2019.06.03"]
[SourceVersion "1"]
[SourceVersionDate "2019.06.03"]
[SourceQuality "1"]

1. d4 d5 2. e3 Nf6 3. Bd3 c5 4. c3 Nc6 5. f4 Bg4 6. Nf3 e6 7. Nbd2 Bd6 8. 0-0 0-0 9. Qe1 Bf5 10. Bxf5 exf5 11. Ne5 Bxe5 12. fxe5 Ne4 13. Rxf5 g6 14. Nxe4 dxe4 15. Rf4 f5 16. exf6 Qd5 17. Qh4 Rf7 18. Rxe4 Raf8 19. Rf4 cxd4 20. exd4 Nd8 21. Rf1 Ne6 22. Bd2 Qd8 23. Rae1 Rxf6 24. Rxf6 Qxf6 25. Qxf6 Rxf6 26. b4 b5 27. a4 a6 28. axb5 axb5 29. Re5 Nc7 30. Rc5 Rf7 31. g3 Kf8 32. Bf4 Ne6 33. Bd6+ Ke8 34. Rxb5 1-0

[Event "Tunja Boyacense op"]
[Site "Tunja"]
[Date "2018.12.16"]
[Round "6"]
[White "Reyes Aristizabal, Andres"]
[Black "Castillo Barajas, Jonhatan"]
[Result "1/2-1/2"]
[WhiteElo "1584"]
[BlackElo "1829"]
[PlyCount "67"]
[EventDate "2018.12.13"]
[EventType "swiss"]
[EventRounds "7"]
[EventCountry "COL"]
[SourceTitle "CBM 187 Extra"]
[Source "ChessBase"]
[SourceDate "2018.11.04"]
[SourceVersion "1"]
[SourceVersionDate "2018.11.04"]
[SourceQuality "1"]

1. d4 Nf6 2. e3 d5 3. Bd3 c5 4. c3 Nc6 5. dxc5 e5 6. b4 e4 7. Bb5 Bd7 8. Bb2 Ne5 9. Be2 a5 10. h3 b6 11. c4 Nxc4 12. Bxf6 Qxf6 13. Qxd5 Bc6 14. Qd4 Qxd4 15. exd4 Bd5 16. Nc3 Be6 17. d5 Na3 18. Bd1 axb4 19. Nxe4 Bxd5 20. f3 Bxe4 21. fxe4 Bxc5 22. Nf3 0-0 23. Bb3 Rae8 24. e5 h6 25. Kd2 Rd8+ 26. Ke2 Nb5 27. Rhe1 Nd4+ 28. Nxd4 Bxd4 29. Rad1 Bxe5 30. Rxd8 Rxd8 31. Rf1 Bf6 32. Rf4 Rd4 33. Ke3 Rxf4 34. Kxf4 1/2-1/2

[Event "COL-ch"]
[Site "Bogota"]
[Date "2018.11.09"]
[Round "5"]
[White "Acuna, Nelson David"]
[Black "Reyes Aristizabal, Andres"]
[Result "1-0"]
[WhiteElo "1852"]
[BlackElo "1661"]
[PlyCount "43"]
[EventDate "2018.11.06"]
[EventType "swiss"]
[EventRounds "9"]
[EventCountry "COL"]
[SourceTitle "CBM 187 Extra"]
[Source "ChessBase"]
[SourceDate "2018.11.04"]
[SourceVersion "1"]
[SourceVersionDate "2018.11.04"]
[SourceQuality "1"]

1. e4 d6 2. d4 Nf6 3. Nc3 g6 4. Bg5 Bg7 5. e5 Ng4 6. h3 Nxe5 7. dxe5 Bxe5 8. Nf3 Bg7 9. Qd2 Be6 10. Bd3 Nc6 11. 0-0-0 a6 12. Rhe1 Qd7 13. Be4 Nb4 14. Bd5 Nxd5 15. Nxd5 h6 16. Bxe7 Qa4 17. Kb1 Kd7 18. Bf6 Bxf6 19. Nxf6+ Kc8 20. b3 Qa3 21. Qc3 Kb8 22. Nd4 1-0